[Event "Warsaw Najdorf Memorial op-A 22nd"]
[Site "Warsaw"]
[Date "2025.07.12"]
[Round "5"]
[White "Siennicki, Gustaw"]
[Black "Zysko, Jan"]
[Result "1/2-1/2"]
[WhiteElo "2060"]
[BlackElo "2146"]
[PlyCount "125"]
[EventDate "2025.07.08"]
[EventType "swiss"]
[EventRounds "9"]
[EventCountry "POL"]
[SourceTitle "CB29_2025"]
[SourceDate "2025.07.16"]
[SourceVersion "1"]
[SourceVersionDate "2025.07.16"]
[SourceQuality "1"]

1. d4 d5 2. c4 c6 3. Nf3 Nf6 4. Qc2 dxc4 5. Qxc4 Bf5 6. Nbd2 e6 7. g3 Be7 8. Bg2 Nbd7 9. 0-0 0-0 10. Qb3 Nb6 11. a4 a5 12. Rd1 h6 13. Ne5 Bb4 14. Ndc4 Nxc4 15. Qxc4 Qe7 16. Nd3 Bd6 17. f3 Bxd3 18. Rxd3 Nd5 19. Rd1 Nb4 20. e4 Rfd8 21. Be3 Rac8 22. Rac1 Bc7 23. Bf2 Bb6 24. f4 Rc7 25. Rd2 Rcd7 26. Rcd1 Kh8 27. Bf3 Qf6 28. Kg2 Qg6 29. Qc3 f5 30. d5 Bxf2 31. dxe6 Rxd2 32. Rxd2 Rxd2 33. Qxd2 Bc5 34. Qd8+ Kh7 35. e7 Bxe7 36. Qxe7 Qf6 37. Qxf6 gxf6 38. exf5 Nd3 39. b3 Nc5 40. Bd1 Kg7 41. g4 b5 42. Kf3 bxa4 43. bxa4 Nd7 44. h4 Nb6 45. g5 c5 46. Ke4 Nc4 47. Kd5 Ne3+ 48. Ke6 c4 49. Bf3 c3 50. Be4 hxg5 51. fxg5 fxg5 52. hxg5 c2 53. Bxc2 Nxc2 54. Ke7 Nd4 55. f6+ Kg6 56. Kd6 Nf3 57. Kc5 Nxg5 58. Kb5 Kxf6 59. Kxa5 Ke6 60. Kb6 Kd7 61. Kb7 Ne6 62. a5 Nc5+ 63. Kb6 1/2-1/2

[Event "Warsaw Najdorf Memorial op-A 22nd"]
[Site "Warsaw"]
[Date "2025.07.11"]
[Round "4"]
[White "Goderdzishvili, Giga"]
[Black "Siennicki, Gustaw"]
[Result "0-1"]
[WhiteElo "2158"]
[BlackElo "2060"]
[PlyCount "132"]
[EventDate "2025.07.08"]
[EventType "swiss"]
[EventRounds "9"]
[EventCountry "POL"]
[SourceTitle "CB29_2025"]
[SourceDate "2025.07.16"]
[SourceVersion "1"]
[SourceVersionDate "2025.07.16"]
[SourceQuality "1"]

1. e4 c6 2. d4 d5 3. Nd2 dxe4 4. Nxe4 Nd7 5. Nf3 Ngf6 6. Ng3 e6 7. c3 c5 8. Be2 Be7 9. 0-0 0-0 10. a4 Qc7 11. a5 Rd8 12. Qa4 Nf8 13. Rd1 Bd7 14. Qb3 Ng6 15. Bg5 Bc6 16. a6 b6 17. c4 Nf4 18. Bf1 h6 19. Bxf4 Qxf4 20. Ne5 Be8 21. Ne2 Qf5 22. Qd3 Ne4 23. Nf3 cxd4 24. Nexd4 Rxd4 25. Nxd4 Qxf2+ 26. Kh1 Qf4 27. Qf3 Qxf3 28. Nxf3 Nf2+ 29. Kg1 Nxd1 30. Rxd1 Bc5+ 31. Kh1 f6 32. g4 Kf8 33. Bg2 Bc6 34. Nh4 Bxg2+ 35. Kxg2 Ke8 36. Re1 e5 37. Nf5 Kf7 38. Rd1 g6 39. Nxh6+ Ke6 40. h4 Bf8 41. g5 Bxh6 42. gxh6 Rh8 43. Kg3 Rxh6 44. Rd8 g5 45. hxg5 Rg6 46. Re8+ Kd6 47. Rd8+ Kc5 48. Rc8+ Kd4 49. Rc7 Rxg5+ 50. Kf2 e4 51. Rd7+ Kxc4 52. Rxa7 Kb5 53. Re7 Kxa6 54. Rxe4 Rb5 55. Ra4+ Kb7 56. Rf4 f5 57. Ke1 Kc6 58. Kd1 Kd6 59. Kc2 Ke5 60. Rh4 Rd5 61. Rh8 f4 62. Kc3 f3 63. Kc4 b5+ 64. Kc3 Ke4 65. Re8+ Re5 66. Rf8 Ke3 0-1

[Event "Warsaw Najdorf Memorial op-A 22nd"]
[Site "Warsaw"]
[Date "2025.07.09"]
[Round "2"]
[White "Arnold, Rhys"]
[Black "Siennicki, Gustaw"]
[Result "1-0"]
[WhiteElo "2256"]
[BlackElo "2060"]
[PlyCount "103"]
[EventDate "2025.07.08"]
[EventType "swiss"]
[EventRounds "9"]
[EventCountry "POL"]
[SourceTitle "CB29_2025"]
[SourceDate "2025.07.16"]
[SourceVersion "1"]
[SourceVersionDate "2025.07.16"]
[SourceQuality "1"]

1. e4 c6 2. d4 d5 3. e5 Bf5 4. Nf3 e6 5. Be2 Ne7 6. c3 Nd7 7. 0-0 h6 8. Na3 Bh7 9. Nc2 Qc7 10. Nce1 g5 11. Nd3 Bg7 12. Nfe1 c5 13. Bd2 0-0 14. Nc2 c4 15. Nde1 f6 16. exf6 Nxf6 17. Ne3 Ng6 18. Ng4 Rae8 19. Nxf6+ Rxf6 20. g3 e5 21. dxe5 Nxe5 22. Be3 Qf7 23. Qd2 Be4 24. Rd1 Nf3+ 25. Nxf3 Rxf3 26. Rfe1 Rf8 27. Bf1 b6 28. Bg2 Bd3 29. a4 Kh8 30. a5 Rf6 31. axb6 axb6 32. Ra1 Qb7 33. b3 Be4 34. Bxe4 dxe4 35. bxc4 Rf3 36. Reb1 Qf7 37. Qe2 Bxc3 38. Ra6 Bg7 39. Raxb6 Qh5 40. Qd1 Qh3 41. Rb8 h5 42. Bd4 Kh7 43. Rxf8 Bxf8 44. Rb7+ Kg8 45. Be3 Qe6 46. Qd8 Rf6 47. Qc7 Rh6 48. Bxg5 Rh8 49. Rb6 Qf5 50. Rf6 Rh7 51. Qd8 Qxg5 52. Qxf8# 1-0

[Event "Malopolska-ch"]
[Site "Krakow"]
[Date "2025.06.21"]
[Round "5"]
[White "Siennicki, Gustaw"]
[Black "Dovhan, Artem"]
[Result "1-0"]
[WhiteElo "2014"]
[BlackElo "2137"]
[PlyCount "103"]
[EventDate "2025.06.19"]
[EventType "swiss"]
[EventRounds "7"]
[EventCountry "POL"]
[SourceTitle "CB26_2025"]
[SourceDate "2025.06.25"]
[SourceVersion "1"]
[SourceVersionDate "2025.06.25"]
[SourceQuality "1"]

1. d4 d5 2. c4 e6 3. Nf3 Nf6 4. g3 dxc4 5. Bg2 Bb4+ 6. Nc3 0-0 7. 0-0 c5 8. dxc5 Nc6 9. Qc2 Qa5 10. Ne4 Nxe4 11. Qxe4 f5 12. Qxc4 Qxc5 13. Qxc5 Bxc5 14. Bf4 Re8 15. Ne5 g5 16. Bxc6 bxc6 17. Bxg5 Ba6 18. Rac1 Bb6 19. Rc2 c5 20. Nd7 Rec8 21. Nxb6 axb6 22. Rd1 Bb5 23. Rd6 Rc6 24. Rd8+ Rxd8 25. Bxd8 Rd6 26. Bc7 Rd1+ 27. Kg2 Re1 28. Kf3 Bc6+ 29. Ke3 Be4 30. Rc3 Rb1 31. Bxb6 Rxb2 32. Bxc5 Rxa2 33. Bd4 Bd5 34. Rc7 h6 35. Rg7+ Kf8 36. Rh7 Bc4 37. Rxh6 Rxe2+ 38. Kf3 e5 39. Be3 Re1 40. Rf6+ Ke7 41. Rxf5 Bd5+ 42. Kg4 Be6 43. Kg5 Bxf5 44. Kxf5 Rb1 45. Kxe5 Rb5+ 46. Kf4 Kf6 47. g4 Rb4+ 48. Kg3 Rb1 49. h4 Rg1+ 50. Kf4 Rh1 51. h5 Ra1 52. Bd4+ 1-0

[Event "Polanica Zdroj op 60th"]
[Site "Polanica Zdroj"]
[Date "2024.08.25"]
[Round "9"]
[White "Siennicki, Gustaw"]
[Black "Ramakrishnan, MR."]
[Result "0-1"]
[WhiteElo "1953"]
[BlackElo "2007"]
[PlyCount "70"]
[EventDate "2024.08.17"]
[EventType "swiss"]
[EventRounds "9"]
[EventCountry "POL"]
[SourceTitle "CBM 221 Extra"]
[Source "ChessBase"]
[SourceDate "2024.09.30"]
[SourceVersion "1"]
[SourceVersionDate "2024.09.30"]
[SourceQuality "1"]

1. d4 d5 2. c4 e6 3. Nf3 Nf6 4. g3 Be7 5. Bg2 0-0 6. Nc3 dxc4 7. Ne5 c5 8. dxc5 Qxd1+ 9. Nxd1 Bxc5 10. Be3 Bb4+ 11. Bd2 Bxd2+ 12. Kxd2 Rd8+ 13. Kc2 Nd5 14. Nxc4 Nc6 15. a3 Nd4+ 16. Kb1 Nxe2 17. Nde3 Bd7 18. Rd1 Ba4 19. Re1 Nd4 20. Nxd5 exd5 21. Ne3 Nb3 22. Bxd5 Nxa1 23. Kxa1 Bc6 24. Bc4 Rd2 25. f4 Re8 26. Ka2 Rd4 27. Rd1 Rde4 28. Bxf7+ Kxf7 29. Nf5 Re1 30. Rd4 R8e6 31. g4 R1e4 32. Nd6+ Rxd6 33. Rxd6 Rxf4 34. h3 Rf3 35. h4 Rf4 0-1

[Event "Warsaw Najdorf Memorial op-A"]
[Site "Warsaw"]
[Date "2024.07.15"]
[Round "7"]
[White "Lasota, Adam"]
[Black "Siennicki, Gustaw"]
[Result "1/2-1/2"]
[WhiteElo "1968"]
[BlackElo "2012"]
[PlyCount "169"]
[EventDate "2024.07.09"]
[EventType "swiss"]
[EventRounds "9"]
[EventCountry "POL"]
[SourceTitle "EXT 2025"]
[Source "ChessBase"]
[SourceDate "2024.10.14"]
[SourceVersion "1"]
[SourceVersionDate "2024.10.14"]
[SourceQuality "1"]

1. d4 Nf6 2. Bf4 d5 3. e3 c5 4. c3 e6 5. Nd2 Nc6 6. Ngf3 cxd4 7. exd4 Nh5 8. Bg5 f6 9. Bh4 g6 10. Be2 Nf4 11. 0-0 Nxe2+ 12. Qxe2 Bd6 13. Bg3 Bxg3 14. hxg3 0-0 15. Rfe1 b6 16. Qe3 Bd7 17. Nb3 Ne7 18. Nc1 Nf5 19. Qd2 Qc7 20. Nd3 Rae8 21. g4 Nd6 22. Qe2 g5 23. Nd2 a5 24. f3 Bb5 25. Qe3 Kg7 26. Kf2 Bxd3 27. Qxd3 f5 28. Qe3 Qd8 29. Qe5+ Kg8 30. gxf5 Rxf5 31. Qg3 b5 32. Re3 b4 33. Rae1 bxc3 34. bxc3 Qd7 35. Kg1 h6 36. Nb3 Nb7 37. Qh3 Rf6 38. Nc1 Nd6 39. Nd3 Nc4 40. Nc5 Qb5 41. Rxe6 Rfxe6 42. Rxe6 Qb1+ 43. Kh2 Qb8+ 44. Qg3 Qxg3+ 45. Kxg3 Rxe6 46. Nxe6 Kf7 47. Nd8+ Ke7 48. Nb7 a4 49. a3 Nxa3 50. Nc5 Nb5 51. Nxa4 h5 52. f4 Kf6 53. fxg5+ Kxg5 54. Kh3 h4 55. g3 hxg3 56. Kxg3 Kf5 57. Kf3 Kg5 58. Ke3 Kg4 59. Kd3 Kf5 60. Nc5 Kf6 61. Kc2 Ke7 62. Kb3 Kd6 63. Kb4 Kc6 64. Ne6 Nd6 65. Nf4 Nf5 66. Nd3 Ne3 67. Ne5+ Kd6 68. Kb5 Nd1 69. c4 dxc4 70. Kxc4 Ne3+ 71. Kd3 Nf5 72. Nc4+ Kd5 73. Ne3+ Nxe3 74. Kxe3 Kd6 75. Ke4 Ke6 76. d5+ Kd6 77. Kd4 Kd7 78. Ke5 Ke7 79. d6+ Kd7 80. Kd5 Kd8 81. Ke5 Kd7 82. Kd5 Kd8 83. Kc6 Kc8 84. d7+ Kd8 85. Kd6 1/2-1/2

[Event "Warsaw Najdorf Memorial op-A"]
[Site "Warsaw"]
[Date "2024.07.10"]
[Round "2"]
[White "Chmiel, Marcin"]
[Black "Siennicki, Gustaw"]
[Result "1-0"]
[WhiteElo "2161"]
[BlackElo "2012"]
[PlyCount "113"]
[EventDate "2024.07.09"]
[EventType "swiss"]
[EventRounds "9"]
[EventCountry "POL"]
[SourceTitle "EXT 2025"]
[Source "ChessBase"]
[SourceDate "2024.10.14"]
[SourceVersion "1"]
[SourceVersionDate "2024.10.14"]
[SourceQuality "1"]

1. c4 e6 2. g3 d5 3. Bg2 d4 4. Nf3 Nc6 5. e3 dxe3 6. fxe3 e5 7. 0-0 Nf6 8. d4 Bg4 9. Qb3 exd4 10. Qxb7 Na5 11. Qa6 c5 12. Bd2 Nb7 13. Qxb7 Rb8 14. Qa6 Bd6 15. Qc6+ Kf8 16. exd4 cxd4 17. Ba5 Qe7 18. Re1 Bd7 19. Rxe7 Bxc6 20. Rxa7 d3 21. b4 Bxf3 22. Bxf3 Be5 23. Bc7 Bd4+ 24. Kf1 Bxa7 25. Bxb8 Bd4 26. Bd6+ Ke8 27. Bc6+ Kd8 28. Nc3 Bxc3 29. Rd1 d2 30. b5 Ba5 31. c5 Nd7 32. Bxd7 Kxd7 33. Bf4 Kc8 34. Bxd2 Rd8 35. Ke2 Re8+ 36. Be3 Re5 37. Kf3 g5 38. b6 g4+ 39. Kf4 Re6 40. Rd6 Re7 41. c6 f5 42. c7 Kb7 43. Rd8 Rxc7 44. bxc7 Bxc7+ 45. Kxf5 Bxd8 46. Kxg4 Kc6 47. Kh5 Kd5 48. Kh6 Ke4 49. Bg5 Bc7 50. Bf4 Ba5 51. Kxh7 Kf5 52. h4 Bb4 53. h5 Kg4 54. Kg6 Bc3 55. h6 Bb2 56. h7 Bc3 57. a3 1-0